000 01001nam a22002537a 4500
005 20170124102952.0
010 _aB-011481
020 _c100.00
035 _aB-011481
037 _bCen Lib/Ret
040 _aDPL
_bHN
082 _a808.4
_bमहेंद्र
100 _aमहेंद्र 'रज्जन'
_952006
245 _aताकि सनद रहें /
_cमहेंद्र 'रज्जन'
246 _aTaaki sanad rahe /
_bby Mahendra Rajjan
260 _aइलाहाबाद
_bशारदा प्रकाशन
_c2000
270 _a542, के.एल. कीडगंज
_bइलाहाबाद
_e211003
300 _a143पृ.
_c20सेमी(सजिल्द )
650 _aहिंदी साहित्य
_x
_z
_952007
650 _aहिंदी उपन्यास
_952008
650 _aHindi literature
_v
_952009
650 _aHindi fiction
_927248
942 _2ddc
_cHN
_h808.4
_mमहेंद्र
999 _c113385
_d113385